Responses for Show #1350 - Friday, June 15, 1990

Eric Terzuolo game 1.

Contestants

Maureen Walker, a tax examiner from Erie, Pennsylvania

Eric Terzuolo, a foreign service officer from Washington, D.C.

Steve Janssen, a Presbyterian minister from Yardley, Pennsylvania

Jeopardy! Round responses

1981 FILMS
RELIGION
FURNITURE
EARLY AMERICA
BASKETBALL
CRIME & PUNISHMENT
    $100 4
Reds

Maureen
    $100 3
purgatory

Maureen
    $100 13
queen & king size beds

Eric
    $100 5
(Eric: What is New York?)

Philadelphia

SteveEric
    $100 26
Wilt Chamberlain

Eric
    $100 1
marshmallows

Eric
    $200 9
Arthur

Eric
    $200 16
synagogues

Eric
    $200 14
a highboy

Maureen
    $200 6
Manhattan

Eric
    $200 27
(Alex: Yes, 6 in the pros.)

5

Steve
    $200 2
(Eric: Uh, what are cats?)

foxes

SteveEric
    $300 10
Mommie Dearest

Eric
    $300 17
minarets

Eric
    $300 15
horsehair

Maureen
    $300 7
Myles Standish

Eric
    $300 28
(Maureen: What is double dribbling?)
...
[The end-of-round signal sounds.]

traveling

EricMaureen
    $300 23
(Steve: What are bras?)
...
[Laughter]
(Alex: We have less than a minute to go.)

panties

SteveEric
    $400 11
Candice Bergen

Maureen
    $400 18
deism

Maureen
    $400 21
(Maureen: What is a bed?)

a chair

SteveMaureen
    $400 8
Betsy Ross

Maureen
    $400 24
the entire wall

Steve
    $500 12
(Maureen: Who is Andy Griffith?)

Richard Crenna

EricMaureen
    $500 19
the Holy Spirit

Maureen
    $500 22
Brighton

Steve
    $900 20
(Maureen: What... what is the general store?)

the tavern (or the inn)

Maureen
    $500 25
panda bear skins

Triple Stumper

Scores at the first commercial break (after clue 13):

Steve Eric Maureen
$300 $1,400 $500

Scores at the end of the Jeopardy! Round:

Steve Eric Maureen
$1,500 $2,600 $300

Double Jeopardy! Round responses

AUTHORS
CONSTELLATIONS
OPERA SINGERS
EDUCATION
WORLD GEOGRAPHY
LESS-FAMOUS NAMES
    $200 1
William Faulkner

Steve
    $200 26
Aquarius

Steve
    $200 2
Maria Callas

Eric
    $200 17
(Eric: Who is Clara Barton?)

Florence Nightingale

SteveEric
    $200 7
Antarctica

Steve
    $200 8
a heart transplant

Steve
    $400 12
USA Today

Eric
    $400 27
the Southern Cross

Triple Stumper
    $400 3
a baritone

Eric
    $400 21
the Soviet Union (Russia)

Steve
    $500 10
the Piedmont

Eric
    $400 9
(Steve: What is a man is what he is?)
(Eric: [*]. What is [*])

a man is what he eats

SteveEric
    $500 13
Eugene O'Neill

Eric
    $600 28
Mensa

Triple Stumper
    $600 4
Caruso

Eric
    $600 22
a kindergarten

Eric
    $600 11
Calcutta

Maureen
    $600 18
the uncertainty principle

Maureen
    $800 14
Melville

Maureen
    $800 29
[The end-of-round signal sounds.]

the lyre

Maureen
    $800 5
Placido Domingo

Eric
    $800 23
school segregation

Eric
    $800 16
Western Samoa

Triple Stumper
    $800 19
Mount Olympus

Maureen
    $1000 15
Mary McCarthy

Eric
    $1000 6
[Applause for Eric running the category]
(Alex: You got all of them but one in that category, well done, Eric.)

La bohème

Eric
    $1000 24
Bennington

Eric
    $1000 25
Scotland

Eric
    $1000 20
landing on the Moon

Triple Stumper

Scores at the end of the Double Jeopardy! Round:

Steve Eric Maureen
$2,500 $11,600 $3,900
(lock game)

[wagering suggestions for these scores]

Final Jeopardy! Round responses

WORLD WAR I
(Alex: [To Eric] [***] was the Italian premier... None of you mentioned [****] and the British will be very upset over that.)
SteveWho are Wilson & Clemenceau?
$2,500
MaureenWho are Wilson & Clemenceau?
$0
EricWho were Wilson + Orlando
$1,000
(2 of) Wilson, Clemenceau, Orlando or David Lloyd George

Final scores:

Steve Eric Maureen
$5,000 $12,600 $3,900
2nd place: trip on Delta to Orlando & stay at Pickett Resort New champion: $12,600 3rd place: Eastpak luggage & Nintendo Entertainment System with Family & Junior editions of Jeopardy! & Wheel of Fortune

Game dynamics:

Coryat scores:

Steve Eric Maureen
$2,500 $11,600 $4,800
12 R,
2 W
26 R
(including 2 DDs),
3 W
13 R,
4 W
(including 1 DD)

Combined Coryat: $18,900

[game clues] [game scores] [suggest correction]

Game tape date: 1990-02-05
The J! Archive is created by fans, for fans. Scraping, republication, monetization, and malicious use prohibited; this site may use cookies and collect identifying information. See terms. The Jeopardy! game show and all elements thereof, including but not limited to copyright and trademark thereto, are the property of Jeopardy Productions, Inc. and are protected under law. This website is not affiliated with, sponsored by, or operated by Jeopardy Productions, Inc. Join the discussion at JBoard.tv.